[Event "Tres Cantos op 11th"]
[Site "Tres Cantos"]
[Date "2019.06.30"]
[Round "9"]
[White "Longa Yauca, Javier"]
[Black "Brull Cortes, Boris"]
[Result "1-0"]
[WhiteElo "2261"]
[BlackElo "2069"]
[PlyCount "48"]
[EventDate "2019.06.22"]
[EventType "swiss"]
[EventRounds "9"]
[EventCountry "ESP"]
[SourceTitle "CBM 195 Extra"]
[Source "ChessBase"]
[SourceDate "2020.05.31"]
[SourceVersion "1"]
[SourceVersionDate "2020.05.31"]
[SourceQuality "1"]

1. c4 e5 2. Nc3 Nc6 3. d3 f5 4. g3 Bb4 5. Bg2 Nf6 6. Bd2 Bxc3 7. bxc3 d6 8. Rb1 0-0 9. Nh3 Qe8 10. Bg5 f4 11. Bxf6 Rxf6 12. Ng5 Rb8 13. Qb3 Ne7 14. c5+ Kh8 15. Ne4 Rh6 16. cxd6 cxd6 17. Qa3 fxg3 18. fxg3 Qg6 19. Qxa7 Nc6 20. 0-0 Bf5 21. Rxb7 Re8 22. Qf2 Ne7 23. Rxe7 Rxe7 24. Qxf5 Qxf5 1-0

[Event "Collado Villalba op-A 35th"]
[Site "Collado Villalba"]
[Date "2018.09.01"]
[Round "9"]
[White "Brull Cortes, Boris"]
[Black "Perez Gonzalez, Jose Manuel"]
[Result "1-0"]
[WhiteElo "2029"]
[BlackElo "2277"]
[PlyCount "69"]
[EventDate "2018.08.24"]
[EventType "swiss"]
[EventRounds "9"]
[EventCountry "ESP"]
[SourceTitle "CBM 186 Extra"]
[Source "ChessBase"]
[SourceDate "2018.08.24"]
[SourceVersion "1"]
[SourceVersionDate "2018.08.24"]
[SourceQuality "1"]

1. e4 d6 2. d4 Nf6 3. Nc3 g6 4. Be3 c6 5. f3 Qb6 6. Qd2 Qxb2 7. Rb1 Qa3 8. Bc4 Nbd7 9. Bb3 Bg7 10. Bh6 Bxh6 11. Qxh6 a5 12. Nge2 a4 13. Bxa4 Rxa4 14. Rb3 b5 15. Rxa3 Rxa3 16. Qc1 b4 17. Qb2 Rxc3 18. Nxc3 bxc3 19. Qxc3 c5 20. 0-0 0-0 21. Rb1 cxd4 22. Qxd4 Ba6 23. Qa7 Bc4 24. Rb4 Be6 25. a4 Rc8 26. a5 Rxc2 27. a6 Nc5 28. Qb8+ Kg7 29. a7 Na6 30. Qd8 Nxb4 31. a8Q g5 32. h4 gxh4 33. Qh8+ Kg6 34. Qaf8 Kg5 35. Qxe7 1-0

[Event "Collado Villalba op-A 35th"]
[Site "Collado Villalba"]
[Date "2018.08.29"]
[Round "6"]
[White "Brull Cortes, Boris"]
[Black "Cuellar Gutierrez, Raul"]
[Result "1-0"]
[WhiteElo "2029"]
[BlackElo "1927"]
[PlyCount "97"]
[EventDate "2018.08.24"]
[EventType "swiss"]
[EventRounds "9"]
[EventCountry "ESP"]
[SourceTitle "CBM 186 Extra"]
[Source "ChessBase"]
[SourceDate "2018.08.24"]
[SourceVersion "1"]
[SourceVersionDate "2018.08.24"]
[SourceQuality "1"]

1. e4 e6 2. d4 d5 3. Nc3 Nf6 4. e5 Nfd7 5. Qg4 g6 6. h4 h5 7. Qg3 a6 8. Bd3 Rg8 9. Nce2 c5 10. c3 Qb6 11. Nf3 cxd4 12. cxd4 Nc6 13. 0-0 Ne7 14. a3 Bg7 15. Be3 Nf5 16. Bxf5 exf5 17. Nf4 Nf8 18. Nxd5 Qd8 19. Nc3 Ne6 20. d5 f4 21. Bxf4 Nxf4 22. Qxf4 Bf5 23. Nd4 Qc8 24. Rac1 Kf8 25. Ncb5 Qe8 26. Nxf5 gxf5 27. Qb4+ Qe7 28. d6 Qd7 29. Nc7 Rd8 30. Rfe1 Bh6 31. e6 Qxd6 32. e7+ Kg7 33. exd8Q Qxd8 34. Qxb7 Qxh4 35. Rc3 Bd2 36. Rg3+ Kh7 37. Ne8 Rxg3 38. Qxf7+ Kh8 39. Qf8+ Rg8 40. Qd6 Rxg2+ 41. Kxg2 Qg5+ 42. Kf1 Bxe1 43. Qe5+ Kh7 44. Kxe1 h4 45. Nd6 Qg1+ 46. Ke2 Qg4+ 47. Kf1 Kg6 48. Qe6+ Kg5 49. Nf7+ 1-0

[Event "Collado Villalba op-A 35th"]
[Site "Collado Villalba"]
[Date "2018.08.27"]
[Round "4"]
[White "Brull Cortes, Boris"]
[Black "Andrade Sandoval, Bianca"]
[Result "1/2-1/2"]
[WhiteElo "2029"]
[BlackElo "1890"]
[PlyCount "174"]
[EventDate "2018.08.24"]
[EventType "swiss"]
[EventRounds "9"]
[EventCountry "ESP"]
[SourceTitle "CBM 186 Extra"]
[Source "ChessBase"]
[SourceDate "2018.08.24"]
[SourceVersion "1"]
[SourceVersionDate "2018.08.24"]
[SourceQuality "1"]

1. e4 e6 2. d4 d5 3. Nc3 Nf6 4. e5 Nfd7 5. Qg4 c5 6. Nb5 cxd4 7. Nf3 Nc6 8. Bf4 g6 9. Bd3 Bb4+ 10. Kf1 Bc5 11. h4 a6 12. h5 Rg8 13. hxg6 hxg6 14. Nd6+ Bxd6 15. exd6 Nc5 16. Qh3 Kd7 17. Qh7 Qe8 18. Ng5 Nd8 19. Qh3 Kc6 20. Qg3 Nd7 21. Nf3 Kb6 22. Nxd4 Nc6 23. Nxc6 Kxc6 24. c4 e5 25. cxd5+ Kxd6 26. Bd2 Nc5 27. Bb4 b6 28. Re1 f5 29. Rh6 Bd7 30. Qg5 Qf7 31. Bc4 a5 32. Bc3 Rae8 33. Qh4 Ne4 34. Rh7 Qf8 35. Rxd7+ Kxd7 36. Bb5+ Kd6 37. Bxe8 Qxe8 38. f3 Rh8 39. Qxh8 Qxh8 40. fxe4 Qh1+ 41. Kf2 Qh4+ 42. g3 Qh2+ 43. Kf3 fxe4+ 44. Rxe4 Qh1+ 45. Ke3 Qg1+ 46. Kf3 Qf1+ 47. Ke3 Kxd5 48. Rxe5+ Kd6 49. Re4 Qc1+ 50. Kf3 Qb1 51. a3 b5 52. Rd4+ Kc5 53. Re4 Qd3+ 54. Kf4 g5+ 55. Kf5 Qf3+ 56. Ke5 Qxg3+ 57. Ke6 Qh3+ 58. Ke5 Qh8+ 59. Kf5 Qh7+ 60. Ke5 Qf7 61. Rg4 Qg6 62. Bxa5 Qg7+ 63. Kf5 Qxb2 64. Bb4+ Kd5 65. Rxg5 Qf2+ 66. Kg6+ Kc6 67. Rg4 Qf1 68. Kg5 Kd5 69. Rf4 Qg2+ 70. Kf5 Qh3+ 71. Kg5 Ke5 72. Rg4 Qf3 73. Kh4 Kf6 74. Rg3 Qe4+ 75. Rg4 Qe2 76. Kg3 Kf5 77. Rf4+ Kg5 78. Rf3 Qe5+ 79. Kf2 Kg4 80. Rf8 Qe6 81. Kg2 Qe2+ 82. Rf2 Qd3 83. Rf8 Qe2+ 84. Rf2 Qe4+ 85. Kf1 Kg3 86. Bd6+ Kh3 87. Rh2+ Kg4 1/2-1/2

[Event "Collado Villalba op-A 35th"]
[Site "Collado Villalba"]
[Date "2018.08.26"]
[Round "3"]
[White "Quispe Arteaga, Gabriel"]
[Black "Brull Cortes, Boris"]
[Result "1-0"]
[WhiteElo "2312"]
[BlackElo "2029"]
[PlyCount "64"]
[EventDate "2018.08.24"]
[EventType "swiss"]
[EventRounds "9"]
[EventCountry "ESP"]
[SourceTitle "CBM 186 Extra"]
[Source "ChessBase"]
[SourceDate "2018.08.24"]
[SourceVersion "1"]
[SourceVersionDate "2018.08.24"]
[SourceQuality "1"]

1. d4 Nf6 2. Nf3 g6 3. g3 Bg7 4. Bg2 0-0 5. 0-0 d6 6. b3 c5 7. Bb2 Nc6 8. c4 Bd7 9. Nbd2 Qc7 10. d5 Na5 11. e4 b5 12. cxb5 Bxb5 13. Re1 Qb6 14. Nb1 e5 15. dxe6 fxe6 16. Na3 Bd7 17. Qd2 Rad8 18. Bc3 Nb7 19. Rad1 Bc8 20. Nc4 Qc6 21. e5 dxe5 22. Nfxe5 Rxd2 23. Nxc6 Rxd1 24. Rxd1 Nd5 25. Bxg7 Kxg7 26. Bxd5 exd5 27. Rxd5 Bh3 28. N6e5 Be6 29. Rd2 Rc8 30. f4 Nd8 31. Kf2 Nf7 32. Nxf7 Kxf7 1-0

[Event "Madrid Codes Memorial 8th"]
[Site "Madrid"]
[Date "2014.05.11"]
[Round "7"]
[White "Brull Cortes, Boris"]
[Black "Lobato Rivero, Carlos"]
[Result "1-0"]
[WhiteElo "2025"]
[BlackElo "1999"]
[PlyCount "99"]
[EventDate "2014.03.23"]
[EventType "swiss"]
[EventRounds "9"]
[EventCountry "ESP"]
[SourceTitle "EXT 2019"]
[Source "ChessBase"]
[SourceDate "2018.10.10"]
[SourceVersion "1"]
[SourceVersionDate "2018.10.10"]
[SourceQuality "1"]

1. e4 g6 2. d4 Bg7 3. Nc3 d6 4. f4 Nf6 5. Nf3 c5 6. dxc5 Qa5 7. Qd4 Nc6 8. Bb5 0-0 9. Qa4 Qxa4 10. Bxa4 dxc5 11. e5 Nd7 12. Be3 a6 13. Bxc6 bxc6 14. Ne4 Rb8 15. 0-0-0 Rb4 16. Nfd2 Bh6 17. a3 Rb5 18. Nc4 Nb6 19. Nxb6 Rxb6 20. Nxc5 Rb5 21. c4 Bxf4 22. Bxf4 Rxc5 23. Rd4 Be6 24. b3 a5 25. a4 f6 26. exf6 Rxf6 27. Re1 Kf7 28. Rde4 g5 29. Bd2 Rcf5 30. Bc3 Rg6 31. g3 Rf3 32. Kb2 Rf2+ 33. Ka3 Rxh2 34. Rf1+ Ke8 35. Bxa5 Bd7 36. Bb4 Re6 37. Rfe1 Rxe4 38. Rxe4 e6 39. Bd6 h5 40. Kb4 h4 41. gxh4 Rxh4 42. Rxh4 gxh4 43. Kc5 Kd8 44. Kb6 Be8 45. a5 Kd7 46. a6 Kxd6 47. a7 h3 48. a8Q Bd7 49. Qf8+ Ke5 50. Qg7+ 1-0

[Event "Madrid Codes Memorial 8th"]
[Site "Madrid"]
[Date "2014.04.13"]
[Round "4"]
[White "Avendano Mateos, Jose"]
[Black "Brull Cortes, Boris"]
[Result "1/2-1/2"]
[WhiteElo "2042"]
[BlackElo "2025"]
[PlyCount "150"]
[EventDate "2014.03.23"]
[EventType "swiss"]
[EventRounds "9"]
[EventCountry "ESP"]
[SourceTitle "EXT 2015"]
[Source "ChessBase"]
[SourceDate "2014.11.20"]
[SourceVersion "1"]
[SourceVersionDate "2014.11.20"]
[SourceQuality "1"]

1. d4 Nf6 2. Nf3 g6 3. Bg5 Bg7 4. Nbd2 0-0 5. e3 d5 6. Bd3 c5 7. c3 Qb6 8. Rb1 Nc6 9. 0-0 Re8 10. a3 e5 11. dxe5 Nxe5 12. Nxe5 Rxe5 13. Bf4 Re8 14. h3 Bd7 15. c4 Be6 16. cxd5 Nxd5 17. Nc4 Qd8 18. Bg3 Qe7 19. Bd6 Qg5 20. f4 Qh4 21. Bxc5 Rec8 22. Bd6 Rxc4 23. Bxc4 Nxe3 24. Qe1 Qxe1 25. Rfxe1 Nxc4 26. Be5 Nxe5 27. fxe5 Rc8 28. Re2 Kf8 29. Kf2 Ke7 30. Rd1 Rc5 31. Rde1 h5 32. b4 Rc3 33. Re3 Rxe3 34. Rxe3 Bd5 35. g4 hxg4 36. hxg4 Ke6 37. Rc3 Bxe5 38. Rc8 Bc6 39. Rd8 Kf6 40. Rd1 Kg5 41. b5 Bxb5 42. Rd5 Bc6 43. Rxe5+ Kxg4 44. a4 f5 45. a5 a6 46. Re6 g5 47. Rd6 Kf4 48. Re6 g4 49. Rg6 Bf3 50. Rg7 Ke5 51. Re7+ Kd6 52. Rf7 Ke6 53. Rf8 Ke5 54. Kg3 Be4 55. Rf7 Kd6 56. Rf6+ Kc5 57. Rb6 Bc6 58. Kf4 Kc4 59. Kg3 Kc3 60. Kf4 Be4 61. Kg3 Kd2 62. Rd6+ Ke3 63. Rf6 Kd4 64. Kf4 Kd3 65. Kg3 Ke3 66. Rf7 Kd3 67. Rf6 Ke2 68. Rf7 Ke3 69. Rf6 Bf3 70. Rxf5 Kd4 71. Rf6 Bc6 72. Kxg4 Kc4 73. Kf4 Kb4 74. Rf5 Bb5 75. Rf7 Bc6 1/2-1/2

[Event "Madrid Codes Memorial 8th"]
[Site "Madrid"]
[Date "2014.04.06"]
[Round "3"]
[White "Marcos Herrero, Francisco"]
[Black "Brull Cortes, Boris"]
[Result "0-1"]
[WhiteElo "1930"]
[BlackElo "2025"]
[PlyCount "64"]
[EventDate "2014.03.23"]
[EventType "swiss"]
[EventRounds "9"]
[EventCountry "ESP"]
[SourceTitle "EXT 2015"]
[Source "ChessBase"]
[SourceDate "2014.11.20"]
[SourceVersion "1"]
[SourceVersionDate "2014.11.20"]
[SourceQuality "1"]

1. d4 Nf6 2. Nf3 g6 3. Bf4 d6 4. e3 Bg7 5. Be2 c5 6. c3 Qb6 7. Qb3 Qxb3 8. axb3 0-0 9. dxc5 dxc5 10. Bxb8 Rxb8 11. Rxa7 Bf5 12. 0-0 Rfd8 13. Na3 Ne4 14. Rd1 Rxd1+ 15. Bxd1 Rd8 16. Bc2 b5 17. Kf1 b4 18. cxb4 cxb4 19. Nc4 Ng3+ 20. hxg3 Bxc2 21. Rxe7 Bxb3 22. Nfd2 Bc2 23. Rb7 Bd3+ 24. Ke1 Ra8 25. f4 Ra1+ 26. Kf2 Ra4 27. Rb8+ Bf8 28. Ne5 Bf5 29. g4 Be6 30. g5 Kg7 31. Nec4 b3 32. Nb6 Rb4 0-1

[Event "Tres Cantos op 5th"]
[Site "Tres Cantos"]
[Date "2013.06.21"]
[Round "1"]
[White "Brull Cortes, Boris"]
[Black "Martin Rodriguez, Jose Luis"]
[Result "1-0"]
[WhiteElo "1992"]
[BlackElo "1454"]
[PlyCount "57"]
[EventDate "2013.06.21"]
[EventType "swiss"]
[EventRounds "9"]
[EventCountry "ESP"]
[SourceTitle "EXT 2014"]
[Source "ChessBase"]
[SourceDate "2013.11.20"]
[SourceVersion "1"]
[SourceVersionDate "2013.11.20"]
[SourceQuality "1"]

1. d4 Nf6 2. Nc3 e6 3. e4 Bb4 4. Bd3 c5 5. Nge2 cxd4 6. Nxd4 e5 7. Nf5 Bf8 8. 0-0 d5 9. exd5 Bxf5 10. Bxf5 Bd6 11. Bg5 h6 12. Bxf6 Qxf6 13. Ne4 Qd8 14. c4 0-0 15. c5 Be7 16. Qb3 b6 17. d6 Bf6 18. Nxf6+ Qxf6 19. Be4 Nd7 20. Bxa8 Nxc5 21. Qd5 Qd8 22. Bc6 Nd7 23. Bxd7 Qxd7 24. Rac1 Rd8 25. Rc7 Qe6 26. Qxe6 fxe6 27. Rd1 Kf8 28. Rxa7 g5 29. Kf1 1-0

[Event "Madrid Codes Memorial 7th"]
[Site "Madrid"]
[Date "2013.05.26"]
[Round "8"]
[White "Largo Barbero, Benito"]
[Black "Brull Cortes, Boris"]
[Result "0-1"]
[WhiteElo "1879"]
[BlackElo "1953"]
[PlyCount "90"]
[EventDate "2013.04.07"]
[EventType "swiss"]
[EventRounds "9"]
[EventCountry "ESP"]
[SourceTitle "EXT 2014"]
[Source "ChessBase"]
[SourceDate "2013.11.20"]
[SourceVersion "1"]
[SourceVersionDate "2013.11.20"]
[SourceQuality "1"]

1. e4 c5 2. Nc3 Nc6 3. g3 g6 4. Bg2 Rb8 5. d3 b5 6. Bf4 d6 7. Qd2 Bg7 8. Nge2 Nd4 9. Nd1 Bh3 10. Nxd4 Bxg2 11. Nc6 Qb6 12. Rg1 Qxc6 13. Rxg2 h5 14. h3 Nf6 15. f3 Nd7 16. Qe2 Rc8 17. Be3 d5 18. Bd2 b4 19. c3 a5 20. exd5 Qxd5 21. Ne3 Qe6 22. Nc4 Qa6 23. Kf1 0-0 24. Qxe7 Nf6 25. Bg5 Rfe8 26. Qd6 Rc6 27. Qf4 Nd5 28. Qh4 bxc3 29. bxc3 Bxc3 30. Rc1 Rce6 31. Bd2 Bf6 32. Bg5 Bd4 33. Rd2 Qc6 34. g4 Ne3+ 35. Nxe3 Bxe3 36. Bxe3 Rxe3 37. Rf2 Rxf3 38. gxh5 Rxf2+ 39. Kxf2 Qe6 40. hxg6 Qe2+ 41. Kg1 Qe3+ 42. Kg2 Qd2+ 43. Kf3 Qxd3+ 44. Kg2 Re2+ 45. Kg1 Qe3+ 0-1

[Event "Madrid Codes Memorial 7th"]
[Site "Madrid"]
[Date "2013.05.05"]
[Round "5"]
[White "Brull Cortes, Boris"]
[Black "Magan Gonzalez, Alberto"]
[Result "1-0"]
[WhiteElo "1953"]
[BlackElo "1855"]
[PlyCount "83"]
[EventDate "2013.04.07"]
[EventType "swiss"]
[EventRounds "9"]
[EventCountry "ESP"]
[SourceTitle "EXT 2014"]
[Source "ChessBase"]
[SourceDate "2013.11.20"]
[SourceVersion "1"]
[SourceVersionDate "2013.11.20"]
[SourceQuality "1"]

1. d4 Nf6 2. Bg5 Ne4 3. Bf4 d5 4. e3 Nd7 5. Bd3 e6 6. Ne2 Bd6 7. Bxe4 dxe4 8. Nbc3 f5 9. Nb5 Bxf4 10. Nxf4 Nf6 11. d5 a6 12. Nc3 Qe7 13. Qe2 e5 14. Nh5 0-0 15. Nxf6+ Rxf6 16. 0-0-0 Rd6 17. g4 b5 18. a3 Bd7 19. Rhg1 Rb8 20. Rg2 b4 21. axb4 Rxb4 22. gxf5 Bxf5 23. Qh5 Bg6 24. Qg4 Qf8 25. h4 Rdb6 26. h5 Bf5 27. Qg3 Rxb2 28. Qxe5 R2b4 29. Rdg1 g6 30. Rg5 Rf6 31. Qxc7 Rb8 32. Qe5 Rc8 33. d6 h6 34. Rxg6+ Bxg6 35. Nxe4 Rxc2+ 36. Kxc2 Rxf2+ 37. Kc3 Qc8+ 38. Nc5 Rc2+ 39. Kb3 Qb8+ 40. Ka3 Rxc5 41. Rxg6+ Kf8 42. Qe7# 1-0

[Event "Madrid-ch sf-B"]
[Site "Madrid"]
[Date "2013.03.09"]
[Round "3"]
[White "Brull Cortes, Boris"]
[Black "Camarero Izquierdo, Juan Carlos"]
[Result "1-0"]
[WhiteElo "1953"]
[BlackElo "1934"]
[PlyCount "143"]
[EventDate "2013.03.07"]
[EventType "swiss"]
[EventRounds "9"]
[EventCountry "ESP"]
[SourceTitle "CBM 153 Extra"]
[Source "ChessBase"]
[SourceDate "2013.04.22"]
[SourceVersion "1"]
[SourceVersionDate "2013.04.22"]
[SourceQuality "1"]

1. d4 f5 2. g4 fxg4 3. Qd3 d5 4. h3 Nf6 5. hxg4 Bxg4 6. Bh3 Qd7 7. Bxg4 Qxg4 8. Nf3 Nc6 9. Rh4 Qg2 10. Qf5 g6 11. Qg5 Qxg5 12. Nxg5 h5 13. Nc3 Bh6 14. Ne6 Bxc1 15. Rxc1 Kd7 16. Nc5+ Kc8 17. Ne6 a6 18. Na4 b6 19. c4 Kd7 20. cxd5 Nxd5 21. Re4 h4 22. Kf1 Nf6 23. Re3 Rh5 24. Nf4 Rg5 25. Rec3 Nxd4 26. Rd1 e5 27. Nh3 Rf5 28. e3 Ne4 29. Rc2 b5 30. Nc3 Ke6 31. exd4 Nxc3 32. Rxc3 Rc8 33. d5+ Kd7 34. Rc6 g5 35. Rg6 Rcf8 36. Rxg5 Rxg5 37. Nxg5 Rf5 38. Nh3 Kd6 39. Kg2 e4 40. Rc1 Rxd5 41. Rc2 Rf5 42. b4 a5 43. Rb2 a4 44. Rc2 c5 45. bxc5+ Rxc5 46. Rb2 Rf5 47. Rb4 Re5 48. Nf4 Kc5 49. a3 Kb6 50. Ne2 e3 51. f4 Rc5 52. Nd4 Rd5 53. f5 e2 54. Nxe2 Rxf5 55. Rxh4 Rd5 56. Rh3 Rd2 57. Kf1 b4 58. Rh6+ Kc5 59. Rh5+ Kc4 60. Rh4+ Kb3 61. Rh3+ Kc4 62. Ke1 Rd8 63. Rh4+ Kb3 64. Rh3+ Kb2 65. axb4 a3 66. Nc3 Rd4 67. Na4+ Ka2 68. Nc3+ Kb2 69. Nd1+ Rxd1+ 70. Kxd1 a2 71. Rh2+ Kb3 72. Rxa2 1-0

[Event "Tres Cantos op 4th"]
[Site "Tres Cantos"]
[Date "2012.06.28"]
[Round "8"]
[White "Barroso Barroso, Jorge"]
[Black "Brull Cortes, Boris"]
[Result "1-0"]
[WhiteElo "1812"]
[BlackElo "1959"]
[PlyCount "63"]
[EventDate "2012.06.21"]
[EventType "swiss"]
[EventRounds "9"]
[EventCountry "ESP"]
[SourceTitle "CBM 149 Extra"]
[Source "ChessBase"]
[SourceDate "2012.08.24"]
[SourceVersion "1"]
[SourceVersionDate "2012.08.24"]
[SourceQuality "1"]

1. e4 e6 2. d4 d5 3. exd5 exd5 4. Bd3 Nf6 5. Ne2 Bd6 6. Bf4 0-0 7. Nbc3 c6 8. Qd2 Be6 9. 0-0-0 b5 10. f3 Na6 11. g4 Nb4 12. Bxd6 Qxd6 13. Ng3 Nxd3+ 14. Qxd3 a5 15. Nce2 Nd7 16. Rhe1 Nb6 17. h3 Nc4 18. f4 a4 19. Qf3 b4 20. f5 b3 21. cxb3 axb3 22. a3 Rxa3 23. Nc3 Ra1+ 24. Nb1 Rxb1+ 25. Kxb1 Qb4 26. Ne2 Qa5 27. Qxb3 Bd7 28. Qc3 Qa4 29. Nc1 Rb8 30. Nd3 Rb3 31. Nc5 Na3+ 32. Ka2 1-0

[Event "Tres Cantos op 4th"]
[Site "Tres Cantos"]
[Date "2012.06.26"]
[Round "6"]
[White "Brull Cortes, Boris"]
[Black "Salgado Duarte, Pablo"]
[Result "1-0"]
[WhiteElo "1959"]
[BlackElo "1565"]
[PlyCount "51"]
[EventDate "2012.06.21"]
[EventType "swiss"]
[EventRounds "9"]
[EventCountry "ESP"]
[SourceTitle "CBM 149 Extra"]
[Source "ChessBase"]
[SourceDate "2012.08.24"]
[SourceVersion "1"]
[SourceVersionDate "2012.08.24"]
[SourceQuality "1"]

1. d4 d5 2. Nc3 Nf6 3. Bg5 e6 4. e4 dxe4 5. Nxe4 Be7 6. Bxf6 Bxf6 7. Nf3 Nc6 8. c3 a6 9. Qd2 Be7 10. Bd3 f5 11. Ng3 g6 12. 0-0-0 Qd5 13. Kb1 Bf6 14. h4 Qd8 15. Rde1 h6 16. Ne2 Kf7 17. Nf4 g5 18. hxg5 hxg5 19. Rxh8 Qxh8 20. d5 gxf4 21. dxc6 bxc6 22. Qxf4 Qd8 23. Bc4 Rb8 24. Qxf5 Qd6 25. Ng5+ Ke7 26. Nf7 1-0

[Event "Tres Cantos op 4th"]
[Site "Tres Cantos"]
[Date "2012.06.22"]
[Round "2"]
[White "Delgado Mena, Diego"]
[Black "Brull Cortes, Boris"]
[Result "0-1"]
[WhiteElo "1524"]
[BlackElo "1959"]
[PlyCount "94"]
[EventDate "2012.06.21"]
[EventType "swiss"]
[EventRounds "9"]
[EventCountry "ESP"]
[SourceTitle "CBM 149 Extra"]
[Source "ChessBase"]
[SourceDate "2012.08.24"]
[SourceVersion "1"]
[SourceVersionDate "2012.08.24"]
[SourceQuality "1"]

1. d4 e6 2. Nf3 d5 3. e3 Bd6 4. Bd3 Nd7 5. Nbd2 f5 6. b3 Ngf6 7. Bb2 Ne4 8. Ne5 0-0 9. 0-0 Rf6 10. f4 Rh6 11. Ndf3 Ndf6 12. Ng5 Bxe5 13. dxe5 Ng4 14. Rf3 Nxg5 15. fxg5 Rxh2 16. Rh3 Rxh3 17. gxh3 Nxe3 18. Qf3 Qxg5+ 19. Kf2 f4 20. Bc1 Qxe5 21. Rb1 Qf6 22. Bxe3 fxe3+ 23. Kxe3 Qxf3+ 24. Kxf3 e5 25. Bf1 Bf5 26. Re1 Rf8 27. Kg3 Bxc2 28. Bg2 Be4 29. Bxe4 dxe4 30. Rxe4 Re8 31. Rc4 c6 32. a4 Rd8 33. Rc3 Kf7 34. Kf3 Ke6 35. Ke4 Rd4+ 36. Ke3 Kd5 37. Ke2 c5 38. Rf3 Re4+ 39. Kd3 Rf4 40. Rg3 g6 41. Kc2 e4 42. Rg5+ Rf5 43. Rg3 Kd4 44. Kd2 e3+ 45. Rxe3 Rf2+ 46. Re2 Rxe2+ 47. Kxe2 Kc3 0-1

[Event "Madrid-ch sf-B"]
[Site "Madrid"]
[Date "2012.04.20"]
[Round "9"]
[White "Brull Cortes, Boris"]
[Black "Arroyo Fernandez, Francisco J"]
[Result "1/2-1/2"]
[WhiteElo "2005"]
[BlackElo "1825"]
[PlyCount "52"]
[EventDate "2012.03.22"]
[EventType "swiss"]
[EventRounds "9"]
[EventCountry "ESP"]
[SourceTitle "EXT 2013"]
[Source "ChessBase"]
[SourceDate "2012.11.22"]
[SourceVersion "1"]
[SourceVersionDate "2012.11.22"]
[SourceQuality "1"]

1. d4 d5 2. Nc3 Bf5 3. f3 Nf6 4. Bg5 h6 5. Bh4 g5 6. Bf2 Bg7 7. Qd2 Nc6 8. e4 dxe4 9. d5 e3 10. Bxe3 Nb4 11. 0-0-0 Bxc2 12. Bc5 Nfxd5 13. Nxd5 Bxd1 14. Bxb4 Ba4 15. Bxe7 Qd7 16. Bc4 c6 17. Bf6 cxd5 18. Bxg7 dxc4 19. Qe2+ Qe6 20. Bxh8 0-0-0 21. Qxe6+ fxe6 22. b3 cxb3 23. axb3 Bxb3 24. Bg7 Rd1+ 25. Kb2 Bd5 26. Kc2 Rf1 1/2-1/2

[Event "Madrid-ch sf-B"]
[Site "Madrid"]
[Date "2012.04.14"]
[Round "7"]
[White "Arjona Martinez, Santiago"]
[Black "Brull Cortes, Boris"]
[Result "1-0"]
[WhiteElo "2062"]
[BlackElo "2005"]
[PlyCount "161"]
[EventDate "2012.03.22"]
[EventType "swiss"]
[EventRounds "9"]
[EventCountry "ESP"]
[SourceTitle "EXT 2013"]
[Source "ChessBase"]
[SourceDate "2012.11.22"]
[SourceVersion "1"]
[SourceVersionDate "2012.11.22"]
[SourceQuality "1"]

1. e4 e6 2. d4 d5 3. exd5 exd5 4. Qf3 Nf6 5. h3 Be6 6. Bd3 Bd6 7. Ne2 0-0 8. Nbc3 c6 9. g4 Re8 10. Bd2 Qe7 11. g5 Ne4 12. Nxe4 dxe4 13. Qxe4 g6 14. c4 Nd7 15. 0-0-0 b5 16. c5 Bxc5 17. Nf4 Bb4 18. Nxe6 Bxd2+ 19. Rxd2 Qd6 20. Qf4 Qxe6 21. Kb1 Qd5 22. Rdd1 Nf8 23. h4 Ne6 24. Qg3 Rad8 25. h5 Qxg5 26. hxg6 Qxg3 27. gxf7+ Kxf7 28. fxg3 Rh8 29. Bxh7 Ng5 30. Rhf1+ Kg7 31. Bf5 Rh2 32. g4 a6 33. a3 a5 34. Rc1 Rd6 35. Rc5 Rd2 36. Rfc1 Nf3 37. Rxc6 Rxc6 38. Rxc6 Nxd4 39. Rg6+ Kf7 40. b4 a4 41. Rb6 Ke7 42. Be4 Ne2 43. Bc6 Rd6 44. Rb7+ Kf6 45. Bxb5 Nd4 46. Bxa4 Ra6 47. Bc2 Rxa3 48. Kb2 Rg3 49. Bf5 Ke5 50. Bd7 Kd6 51. Ka2 Rb3 52. Be8 Rg3 53. b5 Nxb5 54. Rxb5 Rxg4 55. Rb3 Ke5 56. Rc3 Rf4 57. Kb3 Rf8 58. Kc4 Rf4+ 59. Kc5 Rf8 60. Bc6 Rf2 61. Bd5 Rd2 62. Re3+ Kf4 63. Re4+ Kf5 64. Kd6 Rh2 65. Re5+ Kf4 66. Re8 Rh6+ 67. Kc5 Rh5 68. Kd4 Rf5 69. Be4 Rf7 70. Ra8 Rd7+ 71. Bd5 Re7 72. Rf8+ Kg5 73. Rf1 Re2 74. Be4 Ra2 75. Ke5 Ra5+ 76. Bd5 Kh4 77. Kf4 Kh5 78. Be4 Kh6 79. Rg1 Rg5 80. Ra1 Rc5 81. Ra7 1-0

[Event "Madrid-ch sf-B"]
[Site "Madrid"]
[Date "2012.03.23"]
[Round "2"]
[White "Brull Cortes, Boris"]
[Black "Monge Gilgado, Eva Maria"]
[Result "0-1"]
[WhiteElo "2005"]
[BlackElo "1817"]
[PlyCount "26"]
[EventDate "2012.03.22"]
[EventType "swiss"]
[EventRounds "9"]
[EventCountry "ESP"]
[SourceTitle "EXT 2013"]
[Source "ChessBase"]
[SourceDate "2012.11.22"]
[SourceVersion "1"]
[SourceVersionDate "2012.11.22"]
[SourceQuality "1"]

1. d4 f5 2. g4 fxg4 3. h3 b6 4. Bg2 d5 5. e4 Bb7 6. e5 Qd7 7. hxg4 Na6 8. Nh3 e6 9. Nf4 Ne7 10. g5 0-0-0 11. Bh3 Nf5 12. Bxf5 exf5 13. Ng6 hxg6 0-1